000 00801nam a22002657a 4500
001 4142
003 FISKH
005 20240612113845.0
008 240612b cb ||||| |||| 00| 0 eng d
020 _a076714003958
040 _aFISKH
_beng
_cFISKH
_dFISKH
050 _aPZ7.R54465
082 _a459
100 _aRoberts Davis Willo
_d1928-2004
245 _aBaby-sitting is a dangerous job /
_cWillo Davis Roberts
260 _aNew York :
_bAladdin Paperback,
_c1996
300 _a161 pages :
_c20 cm
505 _aO
520 _aA baby sitter and her three willful charges make a formidable team to outwit their surprised kidnappers.
521 8 _a850
_bLexile
521 8 _aO
_bRaz-Plus
700 _aWillo Davis Roberts
942 _2ddc
_cBK
_n0
999 _c4142
_d4142